000 00456nam a22001217a 4500
999 _c21606
_d21606
008 240913b ||||| |||| 00| 0 eng d
100 _aCacho, Lynle C.
_eauthor.
_960947
245 _aLesson plan for grade three science /
_cLynle C. Cacho.
260 _aPhilippines;
_bPublishers Association of the Philippines, Inc.,
_cMarch 2020.
300 _aVolume 168, pages 382-384,
_billustration.
700 _aCacho, Lynle C.
_eauthor.
_960947
942 _2ddc
_cPER